نظرية المعرفة بين القرآن والفلسفة / (Record no. 6749)
[ view plain ]
| 000 -LEADER | |
|---|---|
| fixed length control field | 00723nac a22001811u 4500 |
| 008 - FIXED-LENGTH DATA ELEMENTS--GENERAL INFORMATION | |
| fixed length control field | 080902s1992 su||||||r||| 000 0dra d |
| 020 ## - INTERNATIONAL STANDARD BOOK NUMBER | |
| International Standard Book Number | 9775224047 |
| 082 ## - DEWEY DECIMAL CLASSIFICATION NUMBER | |
| Item number | ك ر د |
| Classification number | 121 |
| Edition number | 22 |
| 110 ## - MAIN ENTRY--CORPORATE NAME | |
| Corporate name or jurisdiction name as entry element | Al Maahad Al Alamey Lel Fekr Al Islamey |
| 9 (RLIN) | 16343 |
| 245 ## - TITLE STATEMENT | |
| Title | نظرية المعرفة بين القرآن والفلسفة / |
| Statement of responsibility, etc | راجح عبد الحميد الكردي |
| 260 ## - PUBLICATION, DISTRIBUTION, ETC. (IMPRINT) | |
| Place of publication, distribution, etc | الرياض : |
| Name of publisher, distributor, etc | مكتبة المؤيد،1992 |
| Date of publication, distribution, etc | 1992. |
| 300 ## - PHYSICAL DESCRIPTION | |
| Extent | 825 ص ؛ |
| Dimensions | 24 سم |
| 504 ## - BIBLIOGRAPHY, ETC. NOTE | |
| Bibliography, etc | يحتوي علي إرجاعات ببليوجرافية وفهارس |
| 511 ## - PARTICIPANT OR PERFORMER NOTE | |
| Participant or performer note | Catalogued by: Sara |
| 541 ## - IMMEDIATE SOURCE OF ACQUISITION NOTE | |
| Source of acquisition | ألف باء ؛ |
| 650 ## - SUBJECT ADDED ENTRY--TOPICAL TERM | |
| Topical term or geographic name as entry element | القرآن والفلسفة |
| 9 (RLIN) | 16515 |
| 942 ## - ADDED ENTRY ELEMENTS (KOHA) | |
| Item type | Book - Borrowing |
| Call number prefix | 121ك ر د |
| Source of classification or shelving scheme | Dewey Decimal Classification |
| Withdrawn status | Item status | Source of classification or shelving scheme | Damaged status | Not for loan | Vendor | Home library | Current library | Shelving location | Date acquired | Source of acquisition | Total Checkouts | Total Renewals | Full call number | Barcode | Date last seen | Date last borrowed | Koha item type |
|---|---|---|---|---|---|---|---|---|---|---|---|---|---|---|---|---|---|
| Dewey Decimal Classification | Alef-Baa | Central Library | Central Library | Lower Floor | 03/12/2007 | 2 | 22 | 121 الك | 000008405 | 15/07/2025 | 17/11/2022 | Book - Borrowing |